|
|
|
|
| LEADER |
00000nab a2200000 a 4500 |
| 001 |
vtls000817471 |
| 003 |
SK-MaSNL |
| 005 |
20260302151159.0 |
| 008 |
180206c2001 xo 0 slo |
| 015 |
|
|
|a SNBRB2002/12-40365
|
| 035 |
|
|
|a CLN000169126
|
| 040 |
|
|
|a SNKBUCL
|b slo
|c SNKBUCL
|e AACR2
|
| 041 |
0 |
|
|a slo
|
| 044 |
|
|
|a xo
|c SK
|
| 080 |
|
|
|a 351.773.137.513(437.6)
|2 UDC-MRF-SK2
|
| 080 |
|
|
|a 636.2.09
|2 UDC-MRF-SK2
|
| 080 |
|
|
|a 637.514'62
|2 UDC-MRF-SK2
|
| 080 |
|
|
|a 619:616.998.2
|2 UDC-MRF-SK2
|
| 080 |
|
|
|a 614.3(437.6)
|2 UDC-MRF-SK2
|
| 100 |
1 |
|
|a Pálfyová, Milica
|4 aut
|9 842072
|
| 245 |
1 |
0 |
|a Keď sa povie BSE-
|c Milica Pálfyová
|
| 650 |
0 |
7 |
|a encefalopatia spongiformná bovinná
|x výrobky potravinárske
|x trh
|z Slovensko
|x ochrana
|2 snkbucl
|9 842235
|
| 650 |
0 |
7 |
|a potravinárske výrobky
|2 snkbucl
|9 66612
|
| 650 |
0 |
7 |
|a dozor potravinový
|2 snkbucl
|9 842236
|
| 655 |
|
7 |
|a články z novín a časopisov
|2 snkbucl
|9 267496
|
| 773 |
0 |
|
|x 1335-2008
|t Obchod
|g Roč. 6, august (2001), s. 28
|
| 850 |
|
|
|a Slovenská národná knižnica v Martine
|
| 852 |
|
|
|a SNK
|b KIS3GCP
|
| 958 |
|
|
|a RBX
|
| 999 |
|
|
|c 1359196
|d 1361126
|